| 000 | 00000cam 2200000zi 4500 |
| 001 | 9.919921 |
| 003 | CaOODSP |
| 005 | 20260505171550 |
| 006 | m o d f |
| 007 | cr mn||||||||| |
| 008 | 230208t20232023onc o f000 0 iku d |
| 020 | |a9780660475059 |q(PDF) |
| 020 | |a9780660475066 |q(print) |
| 040 | |aCaOODSP|beng|erda|cCaOODSP |
| 043 | |an-cn--- |
| 086 | 1 |aPS4-69/2023Iku-PDF |
| 086 | 1 |aPS4-69/2023Iku |
| 245 | 00|a[Victims of crime] : |b[staying informed]. |
| 250 | |a[Inuktitut (South Baffin) edition]. |
| 264 | 1|a[Ottawa] : |bPublic Safety Canada = Sécurité publique Canada, |c[2023] |
| 264 | 4|c©2023 |
| 300 | |a1 online resource (34 pages) |
| 336 | |atext|btxt|2rdacontent |
| 337 | |acomputer|bc|2rdamedia |
| 338 | |aonline resource|bcr|2rdacarrier |
| 500 | |aIssued also in English under title: Victims of crime : staying informed; and in French under title: Les victimes d'actes criminels se tiennent au courant. |
| 500 | |aTitle in English supplied from publisher. |
| 520 | |a"This booklet explains who is considered a victim of crime, their rights as a victim, and the types of information they can receive; as well as, mandate and contact information for relevant federal government departments"--Provided by publisher. |
| 546 | |aText in Inuktitut (South Baffin). |
| 650 | 0|aVictims of crimes|xLegal status, laws, etc.|zCanada. |
| 650 | 0|aVictims of crimes|xCivil rights|zCanada. |
| 650 | 0|aVictims of crimes|xServices for|zCanada. |
| 710 | 1 |aCanada. |bPublic Safety Canada, |eissuing body. |
| 775 | 08|tVictims of crime : |w(CaOODSP)9.919908 |
| 776 | 0#|t[Victims of crime : |w(CaOODSP)9.919923 |
| 792 | |t[Les victimes d'actes criminels se tiennent au courant].|efre|w(CaOODSP)9.919922 |
| 794 | |t[Victims of crime] : |w(CaOODSP)9.962589 |
| 856 | 40|qPDF|s332 KB|uhttps://publications.gc.ca/collections/collection_2024/sp-ps/PS4-69-2023-iku.pdf |